Electrical power systems engineering: problems and solutions
Guardat en:
| Autor principal: | |
|---|---|
| Format: | Llibre |
| Idioma: | anglès |
| Publicat: |
Nueva York
McGraw-Hill
1967
|
| Matèries: | |
| Etiquetes: |
Afegir etiqueta
Sense etiquetes, Sigues el primer a etiquetar aquest registre!
|
MARC
| LEADER | 00000nam a2200000 a 4500 | ||
|---|---|---|---|
| 001 | UCU5011 | ||
| 003 | CL-VaPUC | ||
| 008 | 960531e19670000US |||||||||||||||||eng|d | ||
| 082 | 0 | 4 | |a 621.31 |b KNA |2 21 |
| 100 | 0 | |a Knable, Alvin H |e author |9 362856 | |
| 245 | 1 | 0 | |a Electrical power systems engineering: problems and solutions |
| 300 | |a 249 p | ||
| 942 | |c BK | ||
| 945 | |d 19960531 00:00:00 |a cmena | ||
| 260 | |a Nueva York |b McGraw-Hill |c 1967 | ||
| 650 | 0 | |a Electricidad |9 260222 | |
| 650 | 7 | |a POTENCIAL ELECTRICO |2 CL-VaPUC |9 362857 | |
| 650 | 0 | |a Circuitos eléctricos |9 260262 | |
| 650 | 0 | |a Propiedades eléctricas |9 271909 | |
| 650 | 0 | |a Energía eléctrica |9 256678 | |
| 650 | 0 | |a Industria eléctrica |9 353482 | |
| 583 | |a last modification |c 19960531 00:00:00 |k Rodrigo Vera | ||
| 999 | |c 248528 |d 248526 | ||